| 000 | 01647cam a22004934i 4500 | ||
|---|---|---|---|
| 003 | PE-LiUPU | ||
| 005 | 20250731173109.0 | ||
| 008 | 181212s2018 tnu rb 001 0 eng d | ||
| 020 | _a143369218X | ||
| 020 | _a9781433692185 | ||
| 035 | _a(Sirsi) a251035 | ||
| 040 |
_aPE-LiUPU _bspa _cPE-LiUPU _erda |
||
| 049 | _aPRUA | ||
| 082 | 0 | 4 |
_a289.3 _bK44 _223 |
| 100 | 1 |
_aKerns, Travis S., _eautor. |
|
| 245 | 1 | 4 |
_aThe saints of Zion : _bAn introduction to Mormon theology / _cTravis S. Kerns. |
| 264 | 1 |
_aNashville : _bB & H Academic, _c[2018]. |
|
| 300 |
_axiiv, 274 páginas ; _c23 centímetros |
||
| 336 |
_atext _2rdacontent |
||
| 337 |
_aunmediated _2rdamedia |
||
| 338 |
_avolume _2rdacarrier |
||
| 504 | _aBibliografía: páginas 237-262. | ||
| 504 | _aÍndice: páginas 263-274. | ||
| 505 | 0 | _aIntroduction to Mormonism -- Who,or What, Is God? -- Sacred Texts -- Salvation -- History and Organization -- Are Mormons Christians. | |
| 526 | _aSEG42 | ||
| 526 | _aSEG41 | ||
| 526 | _aSEG40 | ||
| 526 | _aSEG39 | ||
| 526 | _aP94 | ||
| 526 | _aP87 | ||
| 526 | _aP86 | ||
| 526 | _aP85 | ||
| 526 | _aP77 | ||
| 526 | _aP76 | ||
| 526 | _aP35 | ||
| 650 | 0 |
_aMormones _xHistoria. |
|
| 650 | 0 |
_aMormón _xteología. |
|
| 910 |
_adbm _brri _crri _d20181212 |
||
| 942 |
_2ddc _cBOOK |
||
| 994 |
_aC0 _bPEPRU |
||
| 596 | _a1 | ||
| 999 |
_a289.3 K44 _wDEWEY _c30487 _i79346 _f2021-11-11 _g4 _lCCODEBUL1 _mBUL _p12.50 _r0 _sY _tBOOK _u2018-12-12 _xTEOLOGIA _PP85 _0DONACION _1FCOMPR2 _o.STAFF. Colección Teología _d30487 |
||
| 980 |
_81 _gALBERTO SANCHEZ Responsable de Automatización |
||